|
|
|
|
| LEADER |
01627nam a2200409 a 4500 |
| 001 |
EBC3020253 |
| 003 |
MiAaPQ |
| 005 |
20200520144314.0 |
| 006 |
m o d | |
| 007 |
cr cn||||||||| |
| 008 |
090701s2009 nyuab sb 001 0 eng d |
| 010 |
|
|
|z 2009027056
|
| 020 |
|
|
|z 9781607411222 (hardcover)
|
| 020 |
|
|
|z 1607411229 (hardcover)
|
| 020 |
|
|
|a 9781616684082 (electronic bk.)
|
| 035 |
|
|
|a (MiAaPQ)EBC3020253
|
| 035 |
|
|
|a (Au-PeEL)EBL3020253
|
| 035 |
|
|
|a (CaPaEBR)ebr10676416
|
| 035 |
|
|
|a (OCoLC)923663343
|
| 040 |
|
|
|a MiAaPQ
|c MiAaPQ
|d MiAaPQ
|
| 043 |
|
|
|a n-us---
|a d------
|
| 050 |
|
4 |
|a HF4055
|b .U7 2009
|
| 082 |
0 |
4 |
|a 382/.097301724
|2 22
|
| 245 |
0 |
0 |
|a U.S. trade with developing countries
|h [electronic resource] :
|b policy, programs and trends /
|c Kalan R. Geisler, editor.
|
| 246 |
3 |
|
|a United States trade with developing countries
|
| 260 |
|
|
|a New York :
|b Nova Science Publishers, Inc.,
|c c2009.
|
| 300 |
|
|
|a xiv, 250 p. :
|b ill., map.
|
| 490 |
1 |
|
|a Monetary, fiscal and trade policies series
|
| 504 |
|
|
|a Includes bibliographical references and index.
|
| 533 |
|
|
|a Electronic reproduction. Ann Arbor, MI : ProQuest, 2015. Available via World Wide Web. Access may be limited to ProQuest affiliated libraries.
|
| 651 |
|
0 |
|a United States
|x Commerce
|z Developing countries.
|
| 651 |
|
0 |
|a Developing countries
|x Commerce
|z United States.
|
| 655 |
|
4 |
|a Electronic books.
|
| 700 |
1 |
|
|a Geisler, Kalan R.
|
| 710 |
2 |
|
|a ProQuest (Firm)
|
| 830 |
|
0 |
|a Monetary, fiscal and trade policies series.
|
| 856 |
4 |
0 |
|u https://ebookcentral.proquest.com/lib/matrademy/detail.action?docID=3020253
|z Click to View
|